000 00417nam a2200145 a 4500
005 20260601084417.0
100 1 _aMukherjee, P. K.
_9174
245 1 0 _aElectrical Machines /
260 _a[S.l.] :
_bDhanpat Rai,
_c1996.
300 _a1 v. (unpaged) ;
650 _aElectrical Machines
_917
700 _aChakravorti, S.
_9175
856 4 0 _uhttp://www.amazon.com/exec/obidos/ASIN/B003D2BFUQ/chopaconline-20
942 _cBK
999 _c9566
_d9566